Влияние спортивных бальных танцев на устойчивость спортсменов; Нейрогуморальные механизмы регуляции висцеральных органов и систем в норме и при патологии

Detalles Bibliográficos
Parent link:Нейрогуморальные механизмы регуляции висцеральных органов и систем в норме и при патологии.— 2013.— [С. 19-21]
Autor Principal: Бредихина Ю. П. Юлия Петровна
Autor Corporativo: Национальный исследовательский Томский политехнический университет (ТПУ) Институт социально-гуманитарных технологий (ИСГТ) Кафедра физического воспитания (ФВ)
Outros autores: Капилевич Л. В. Леонид Владимирович, Андреев В. И. Владимир Игоревич
Summary:Заглавие с экрана
Idioma:ruso
Publicado: 2013
Subjects:
Acceso en liña:http://www.kemsma.ru/htdocs/hwl/HWL-2014/3.8.2%20sbornik_%D0%A4%D0%B8%D0%B7%D0%B8%D0%BE%D0%BB%D0%BE%D0%B3%D0%B8%D1%8F_2013.pdf#page=19
Formato: MixedMaterials Electrónico Capítulo de libro
KOHA link:https://koha.lib.tpu.ru/cgi-bin/koha/opac-detail.pl?biblionumber=637196

MARC

LEADER 00000naa0a2200000 4500
001 637196
005 20250920111622.0
035 |a (RuTPU)RU\TPU\network\1293 
090 |a 637196 
100 |a 20140603d2013 k||y0rusy50 ca 
101 0 |a rus 
102 |a RU 
135 |a drgn ---uucaa 
181 0 |a i  
182 0 |a b 
200 1 |a Влияние спортивных бальных танцев на устойчивость спортсменов  |f Ю. П. Бредихина, Л. В. Капилевич, В. И. Андреев 
203 |a Текст  |c электронный 
300 |a Заглавие с экрана 
320 |a [Библиогр.: с. 21 (3 назв.)] 
463 1 |t Нейрогуморальные механизмы регуляции висцеральных органов и систем в норме и при патологии  |o материалы научно-практической конференции, посвященной памяти профессора Е. Ф. Ларина, г. Томск, 19-20 ноября 2013 г.  |f Сибирский государственный медицинский университет (СибГМУ)  |v [С. 19-21]  |d 2013 
610 1 |a электронный ресурс 
610 1 |a труды учёных ТПУ 
610 1 |a спортсмены 
610 1 |a стабилографические характеристики 
610 1 |a физические нагрузки 
610 1 |a стабилография 
700 1 |a Бредихина  |b Ю. П.  |c специалист в области физической культуры и спорта  |c доцент Томского политехнического университета, кандидат медицинских наук  |f 1983-  |g Юлия Петровна  |3 (RuTPU)RU\TPU\pers\32394  |9 16345 
701 1 |a Капилевич  |b Л. В.  |c специалист в области физической культуры и спорта  |c профессор Томского политехнического университета, доктор медицинских наук  |f 1963-  |g Леонид Владимирович  |3 (RuTPU)RU\TPU\pers\24823  |9 11028 
701 1 |a Андреев  |b В. И.  |c специалист в области физической культуры и спорта  |c профессор Томского политехнического университета, доктор педагогических наук  |f 1954-  |g Владимир Игоревич  |3 (RuTPU)RU\TPU\pers\24802  |9 11017 
712 0 2 |a Национальный исследовательский Томский политехнический университет (ТПУ)  |b Институт социально-гуманитарных технологий (ИСГТ)  |b Кафедра физического воспитания (ФВ)  |3 (RuTPU)RU\TPU\col\18904 
801 2 |a RU  |b 63413507  |c 20151012  |g RCR 
856 4 |u http://www.kemsma.ru/htdocs/hwl/HWL-2014/3.8.2%20sbornik_%D0%A4%D0%B8%D0%B7%D0%B8%D0%BE%D0%BB%D0%BE%D0%B3%D0%B8%D1%8F_2013.pdf#page=19 
942 |c CF